000 01167cab a2200325 4500
001 ABS48253
008 090401t1993 xxu||||| |||| 00| 0 eng d
035 _a(Sirsi) u65724
041 _aeng
100 _aHarris, P
245 _aWant to buy a 19th floor flat?
260 _c1993
350 _a0
490 _aSolicitors` Journal
_v127(10) 19 March 1993, 244-245(2)
520 _aDiscusses the problems which arise under Landlord and Tenant Act 1985 s19 and s20 if a block of flats is in need of expensive major renovation especially for those who have bought former local authority flats under right to buy.
650 _aDilapidations
_96235
650 _aFEDERATION OF RIGHT TO BUY LEASEHOLDERS
650 _aHOUSING ACT 1980
650 _aIRVINE V MORAN
650 _aLANDLORD AND TENANT ACT 1954 S19
650 _aLANDLORD AND TENANT ACT 1954 S20
650 _aLOCAL AUTHORITY HOUSING
650 _aREPAIRS
650 _aRIGHT TO BUY
650 _aSERVICE CHARGES
650 _aSTRUCTURAL DEFECTS
690 _aPROPERTY-RESIDENTIAL PROPERTY-RESIDENTIAL LANDLORD AND TENANT-RESIDENTIAL TENANCIES
942 _n0
948 _c04/03/1997
999 _c41019
_d41019